000 01065nam a22002657a 4500
003 OSt
005 20200831113504.0
008 200831s1991 ck ||||gr|||| 00| 0 spa d
020 _a8472092437
040 _aCO-JMCR
_cCO-JMCR
041 1 _aspa
_hger
082 0 4 _a338.943 /
_bL237o
_223
100 1 _aLampert, Heinz,
_eautor
_99472
245 1 3 _aEl orden económico y social de la república federal de Alemania /
_cHeinz Lampert ; traducción de Marciano Villanueva Salas
250 _a10ª edición.
260 _aMadrid :
_bUnión Editorial,
_cc1991.
300 _a270 páginas ;
_c21 cm.
505 _aCaracterísticas fundamentales de una teoría de los ordenes económicos -- Origen de la economía social del mercado -- La forma actual de la economía social de mercado
546 1 _atraducido del Alemán.
_bger
650 2 4 _aPolítica económica
_zAlemania
_99473
650 2 4 _aPolítica social
_zAlemania
_99474
650 2 4 _aCondiciones económicas
_zAlemania
_99475
700 1 _aVillanueva Salas, Marciano,
_etraductor
_99476
942 _2ddc
_cBK
999 _c6805
_d6805